| 000 | 00471nam a2200169Ia 4500 | ||
|---|---|---|---|
| 003 | GCL | ||
| 008 | 140319s9999 xx 000 0 eng d | ||
| 040 |
_aGCL / _cGCL |
||
| 082 | 0 | 4 |
_a709.04012 _bD A |
| 100 | 1 | _aDARTON, MIKE | |
| 245 | 1 | 0 |
_aART DECO: AN ILLUSTRATED GUIDE TO THE DECORATIVE STYLE 1920-40 / _cDARTON, MIKE |
| 260 |
_a[S.N] : _bTIGER BOOKS INTERNATIONAL ، _c1990 |
||
| 300 | _a145 | ||
| 650 | 0 | 4 | _aDECORATIVE ARTS |
| 650 | 0 | 4 | _aART DECO |
| 942 |
_2ddc _cBK |
||
| 999 |
_c25209 _d25209 |
||